[Event "Salou Salauris op 1st"]
[Site "Salou"]
[Date "2021.06.27"]
[Round "7"]
[White "Esteban Fernandez, Josep M"]
[Black "Lara Camacho, Carlos Esteban"]
[Result "1-0"]
[WhiteElo "1403"]
[BlackElo "1680"]
[PlyCount "85"]
[EventDate "2021.06.25"]
[EventType "swiss"]
[EventRounds "7"]
[EventCountry "ESP"]
[SourceTitle "CBM 203 Extra"]
[Source "ChessBase"]
[SourceDate "2021.09.30"]
[SourceVersion "1"]
[SourceVersionDate "2021.09.30"]
[SourceQuality "1"]

1. Nf3 Nf6 2. c4 c6 3. Nc3 d5 4. e3 Bg4 5. Be2 Nbd7 6. cxd5 cxd5 7. 0-0 e6 8. h3 Bh5 9. d4 Bd6 10. Bd2 Rc8 11. Rc1 a6 12. a3 0-0 13. b4 Nb6 14. Ne5 Bxe2 15. Qxe2 Bxe5 16. dxe5 Nfd7 17. f4 Nc4 18. Nb1 b5 19. Bc3 Ndb6 20. Nd2 Nxd2 21. Bxd2 Rxc1 22. Bxc1 Nc4 23. Bb2 Qb6 24. Bd4 Qb7 25. Ra1 Qc6 26. g4 Nxa3 27. Bc5 Nc4 28. Bxf8 Kxf8 29. Kf2 Qb6 30. Qd3 h6 31. Qd4 Qb7 32. Ke2 Kg8 33. Kd3 Kf8 34. Ra2 Qc6 35. e4 dxe4+ 36. Qxe4 Qb6 37. Qd4 Qc7 38. Qc5+ Qxc5 39. bxc5 a5 40. Kd4 Ke8 41. c6 Kd8 42. Kc5 b4 43. Kxc4 1-0

[Event "Salou Salauris op 1st"]
[Site "Salou"]
[Date "2021.06.26"]
[Round "3"]
[White "Esteban Fernandez, Josep M"]
[Black "Karpukhin, Andrei"]
[Result "1-0"]
[WhiteElo "1403"]
[BlackElo "1416"]
[PlyCount "97"]
[EventDate "2021.06.25"]
[EventType "swiss"]
[EventRounds "7"]
[EventCountry "ESP"]
[SourceTitle "CBM 203 Extra"]
[Source "ChessBase"]
[SourceDate "2021.09.30"]
[SourceVersion "1"]
[SourceVersionDate "2021.09.30"]
[SourceQuality "1"]

1. Nf3 d5 2. e3 c5 3. b3 Nc6 4. Bb5 Nf6 5. Bb2 Bg4 6. d3 Qa5+ 7. Nc3 d4 8. Bxc6+ bxc6 9. exd4 cxd4 10. Qd2 dxc3 11. Bxc3 Qh5 12. Ne5 c5 13. Qf4 Qf5 14. Qa4+ Nd7 15. Nxg4 f6 16. 0-0 Rc8 17. Qe4 Qh5 18. h3 f5 19. Qb7 Rb8 20. Qd5 Qg6 21. Ne5 Nb6 22. Qf3 Qg5 23. Rfe1 Rd8 24. Nc6 Rd6 25. Nxa7 Rg6 26. Nb5 e6 27. Nc7+ Kd7 28. Nb5 Bd6 29. Nxd6 Kxd6 30. Be5+ Kd7 31. a4 Ra8 32. c4 Ra7 33. Bf4 Qf6 34. Be5 Qg5 35. Rad1 Ra8 36. d4 cxd4 37. Rxd4+ Ke7 38. Red1 Ra7 39. Bd6+ Kf7 40. Bc5 Nxa4 41. Bxa7 Nc3 42. Rd7+ Qe7 43. Rxe7+ Kxe7 44. Qb7+ Kf6 45. Bd4+ e5 46. Bxc3 Kg5 47. Qe7+ Kh5 48. Qxe5 Rg5 49. g3 1-0

[Event "Salou Salauris op 1st"]
[Site "Salou"]
[Date "2021.06.25"]
[Round "1"]
[White "Esteban Fernandez, Josep M"]
[Black "Lucas Ara, Alejandro"]
[Result "0-1"]
[WhiteElo "1403"]
[BlackElo "1888"]
[PlyCount "90"]
[EventDate "2021.06.25"]
[EventType "swiss"]
[EventRounds "7"]
[EventCountry "ESP"]
[SourceTitle "CBM 203 Extra"]
[Source "ChessBase"]
[SourceDate "2021.09.30"]
[SourceVersion "1"]
[SourceVersionDate "2021.09.30"]
[SourceQuality "1"]

1. Nf3 Nf6 2. c4 g6 3. Nc3 Bg7 4. e4 d6 5. Be2 0-0 6. 0-0 Nc6 7. d4 e5 8. d5 Ne7 9. Be3 a5 10. Ne1 Nd7 11. f3 f5 12. Bf2 Kh8 13. Nd3 Ng8 14. a3 Rf7 15. b4 Ngf6 16. Rc1 c6 17. Rc2 Bf8 18. Kh1 f4 19. Re1 Nh5 20. Qd2 Be7 21. Rf1 Bh4 22. Qe1 Be7 23. Rc1 g5 24. Rg1 Ndf6 25. h3 Bd7 26. Qf1 Qf8 27. g4 fxg3 28. Bxg3 Qh6 29. Nf2 Nxg3+ 30. Rxg3 Qh4 31. Qg2 Nh5 32. Rg1 Nxg3+ 33. Qxg3 Qxg3 34. Rxg3 axb4 35. axb4 Ra1+ 36. Kg2 Rc1 37. Nfd1 h5 38. Kh2 Rc2 39. Rg2 Rf4 40. Na4 Rh4 41. Ne3 Rxh3+ 42. Kg1 Rc1+ 43. Kf2 Bd8 44. c5 cxd5 45. Nxd5 Bxa4 0-1

[Event "Tarragona Province-chB"]
[Site "L'Hospitalet Infant"]
[Date "2016.11.27"]
[Round "9"]
[White "Marcos Freixas, Adria"]
[Black "Esteban Fernandez, Josep M"]
[Result "1-0"]
[WhiteElo "1446"]
[BlackElo "1536"]
[PlyCount "81"]
[EventDate "2016.10.02"]
[EventType "swiss"]
[EventRounds "9"]
[EventCountry "ESP"]
[SourceTitle "EXT 2018"]
[Source "ChessBase"]
[SourceDate "2017.10.13"]
[SourceVersion "1"]
[SourceVersionDate "2017.10.13"]
[SourceQuality "1"]

1. e4 e6 2. d4 d5 3. Nc3 Bb4 4. e5 c5 5. a3 Bxc3+ 6. bxc3 Ne7 7. Nf3 Nbc6 8. Bb5 Qa5 9. Bxc6+ bxc6 10. Bd2 cxd4 11. cxd4 Qc7 12. 0-0 h6 13. Qc1 Bd7 14. Ne1 c5 15. c3 cxd4 16. Nf3 dxc3 17. Qxc3 Qxc3 18. Bxc3 0-0 19. Rab1 Rab8 20. Nd4 Rfc8 21. Bb4 Nc6 22. Nxc6 Bxc6 23. Bd6 Rb6 24. Rfc1 Rxb1 25. Rxb1 a5 26. f4 d4 27. Rd1 Bd5 28. Rxd4 Rc1+ 29. Kf2 Rc2+ 30. Kf1 Rxg2 31. Rxd5 exd5 32. Kxg2 g6 33. a4 h5 34. Bc7 Kf8 35. Bxa5 Ke7 36. Bb6 Kd7 37. a5 Kc6 38. Kh3 Kb5 39. Kh4 d4 40. Bxd4 Kxa5 41. Kg5 1-0

[Event "Tarragona Province-chB"]
[Site "L'Hospitalet Infant"]
[Date "2016.10.30"]
[Round "5"]
[White "Esteban Fernandez, Josep M"]
[Black "Sendra Mazuela, Oscar"]
[Result "0-1"]
[WhiteElo "1536"]
[BlackElo "1606"]
[PlyCount "48"]
[EventDate "2016.10.02"]
[EventType "swiss"]
[EventRounds "9"]
[EventCountry "ESP"]
[SourceTitle "EXT 2018"]
[Source "ChessBase"]
[SourceDate "2017.10.13"]
[SourceVersion "1"]
[SourceVersionDate "2017.10.13"]
[SourceQuality "1"]

1. d4 d5 2. Nf3 Nc6 3. c4 e6 4. Nc3 Nf6 5. cxd5 exd5 6. Bg5 Be7 7. e3 Bg4 8. Be2 Ne4 9. Bxe7 Nxe7 10. 0-0 0-0 11. Nd2 Nxc3 12. bxc3 Bf5 13. Nf3 b6 14. Bd3 Bxd3 15. Qxd3 Ng6 16. Rfe1 Qd7 17. g3 Rfe8 18. Kg2 Re4 19. Nd2 Re6 20. Qf5 Nh4+ 21. gxh4 Rg6+ 22. Qxg6 hxg6 23. f3 Qf5 24. e4 Qf4 0-1

[Event "Tarragona-ch Seniors"]
[Site "Cambrils"]
[Date "2015.03.12"]
[Round "7.13"]
[White "Esteban Fernandez, Josep M"]
[Black "Llorach Gracia, Tomas"]
[Result "1-0"]
[WhiteElo "1748"]
[BlackElo "1712"]
[PlyCount "79"]
[EventDate "2015.01.29"]
[EventType "swiss"]
[EventRounds "8"]
[EventCountry "ESP"]
[SourceTitle "EXT 2024"]
[Source "ChessBase"]
[SourceDate "2023.10.10"]
[SourceVersion "1"]
[SourceVersionDate "2023.10.10"]
[SourceQuality "1"]

1. Nf3 Nf6 2. c4 c5 3. Nc3 d6 4. g3 Bg4 5. Bg2 Nc6 6. d4 Bxf3 7. Bxf3 cxd4 8. Bxc6+ bxc6 9. Qxd4 e5 10. Qd3 Qb6 11. e4 Qd4 12. Qe2 Qb6 13. Be3 Qc7 14. 0-0 Be7 15. b4 0-0 16. a3 Qd7 17. f3 Rab8 18. Rfd1 Qc7 19. Rd2 Rfd8 20. Kg2 Rd7 21. Rad1 Rbd8 22. Rd3 Qc8 23. Rc1 Qb7 24. Rcd1 Qa6 25. Qa2 Qb7 26. Bg5 h6 27. Bxf6 Bxf6 28. b5 c5 29. Nd5 Qc8 30. a4 Rb7 31. h4 Qe6 32. Qd2 g5 33. Nxf6+ Qxf6 34. Rxd6 Rxd6 35. Qxd6 Qxd6 36. Rxd6 Rc7 37. Rxh6 Kg7 38. Rd6 f6 39. hxg5 fxg5 40. Kh3 1-0

[Event "Tarragona-ch Seniors"]
[Site "Cambrils"]
[Date "2015.03.05"]
[Round "6.13"]
[White "Serrano Navas, Antonio"]
[Black "Esteban Fernandez, Josep M"]
[Result "1/2-1/2"]
[WhiteElo "1723"]
[BlackElo "1748"]
[PlyCount "122"]
[EventDate "2015.01.29"]
[EventType "swiss"]
[EventRounds "8"]
[EventCountry "ESP"]
[SourceTitle "EXT 2024"]
[Source "ChessBase"]
[SourceDate "2023.10.10"]
[SourceVersion "1"]
[SourceVersionDate "2023.10.10"]
[SourceQuality "1"]

1. d4 Nf6 2. Nf3 d5 3. e3 e6 4. Nc3 c5 5. Bb5+ Nc6 6. Ne5 Qc7 7. Nxc6 bxc6 8. Bd3 cxd4 9. exd4 g6 10. Ne2 Bg7 11. c3 0-0 12. Bf4 Qb6 13. Rb1 Nd7 14. Bd6 Re8 15. b4 e5 16. dxe5 Nxe5 17. Bc5 Nxd3+ 18. Qxd3 Qa6 19. Qxa6 Bxa6 20. Be3 Bxe2 21. Kxe2 Bxc3 22. Rhc1 d4 23. Kd3 dxe3 24. Rxc3 Rad8+ 25. Ke2 Rd2+ 26. Ke1 Rxf2 27. Rxe3 Rf1+ 28. Kxf1 Rxe3 29. a4 Kg7 30. Kf2 Re4 31. Rb2 c5 32. bxc5 Rc4 33. Rb7 Rxa4 34. Rc7 Rc4 35. Ke3 a5 36. Kd3 Rc1 37. Kd4 a4 38. Ra7 Rd1+ 39. Kc4 Rc1+ 40. Kb5 Rb1+ 41. Kc6 Kf6 42. Rxa4 Ke5 43. Ra5 Rb2 44. Kc7 Rxg2 45. c6+ Ke6 46. Kc8 Ke7 47. Rd5 f5 48. Rd7+ Ke8 49. Rxh7 f4 50. c7 f3 51. Rd7 f2 52. Rd8+ Ke7 53. Rd7+ Kf6 54. Kd8 f1Q 55. c8Q Rf2 56. Qc6+ Kg5 57. Rd5+ Rf5 58. Rxf5+ gxf5 59. Qd6 Qe2 60. Kd7 Qb5+ 61. Kd8 Qa5+ 1/2-1/2

[Event "Tarragona-ch Seniors"]
[Site "Cambrils"]
[Date "2015.02.12"]
[Round "3.10"]
[White "Esteban Fernandez, Josep M"]
[Black "Puyalto Nevot, Rafael"]
[Result "0-1"]
[WhiteElo "1748"]
[BlackElo "1856"]
[PlyCount "119"]
[EventDate "2015.01.29"]
[EventType "swiss"]
[EventRounds "8"]
[EventCountry "ESP"]
[SourceTitle "EXT 2024"]
[Source "ChessBase"]
[SourceDate "2023.10.10"]
[SourceVersion "1"]
[SourceVersionDate "2023.10.10"]
[SourceQuality "1"]

1. Nf3 d5 2. d4 Nf6 3. c4 dxc4 4. e3 e6 5. Bxc4 Bd6 6. Nc3 a6 7. 0-0 0-0 8. a3 Nbd7 9. e4 Be7 10. Qc2 b5 11. Bd3 h6 12. e5 Nd5 13. Re1 Bb7 14. Qe2 Nxc3 15. bxc3 c5 16. Be4 Bxe4 17. Qxe4 cxd4 18. cxd4 Nb6 19. Nd2 Nd5 20. Bb2 Rc8 21. Rec1 Qd7 22. Nb3 Rfd8 23. f4 Rxc1+ 24. Rxc1 Rc8 25. g3 Rxc1+ 26. Nxc1 f6 27. Nb3 f5 28. Qd3 Qc7 29. Kf2 Qb6 30. Qc2 Qc7 31. Qxc7 Nxc7 32. Nc5 Bxc5 33. dxc5 Kf7 34. Ke3 Ke7 35. c6 Nd5+ 36. Kd4 Kd8 37. Bc1 Kc7 38. Kc5 Nc3 39. Kb4 Nd5+ 40. Kc5 Nc3 41. Be3 Ne4+ 42. Kb4 Kxc6 43. Ka5 Kb7 44. Bg1 g6 45. Be3 h5 46. a4 bxa4 47. Kxa4 Nc3+ 48. Ka5 Nd5 49. Bc5 Nc3 50. Be7 Nd1 51. Bf6 Ne3 52. Bh4 Ng4 53. h3 Ne3 54. Bd8 Nf1 55. Bh4 Nh2 56. Bd8 Nf3 57. Bh4 Ng1 58. g4 Nxh3 59. gxf5 gxf5 60. Bf6 0-1